Экономическая оценка инвестиций: учебное пособие

Библиографические подробности
Главный автор: Басовский Л. Е. Леонид Ефимович
Другие авторы: Басовская Е. Н. Елена Николаевна
Примечания:Изложены теоретические основы и конкретные методики экономической оценки инвестиций. Пособие охватывает все темы дисциплины «Экономическая оценка инвестиций», изучение которых предусмотрено требованиями государственного стандарта высшего профессионального образования Российской Федерации по специальности «Экономика и управление на предприятии». Особое внимание уделено темам, связанным со взаимодействием предприятия с рыночной средой, и применению количественных методов в соответствии с требованиями, сложившимися в ведущих американских и западноевропейских университетах. Все теоретические положения и конкретные методики иллюстрируются анализом ситуаций и числовыми примерами. В приложении приведены таблицы функций, используемых в расчетных формулах. Для студентов и преподавателей экономических и управленческих направлений и специальностей вузов и практических работников.
Язык:русский
Опубликовано: Москва, Инфра-М, 2008
Серии:Высшее образование
Предметы:
Формат: MixedMaterials Книга
Запись в KOHA:https://koha.lib.tpu.ru/cgi-bin/koha/opac-detail.pl?biblionumber=183599

MARC

LEADER 00000nam0a2200000 4500
001 183599
005 20231101223754.0
010 |a 9785160028484 
035 |a (RuTPU)RU\TPU\book\199038 
035 |a RU\TPU\book\131071 
090 |a 183599 
100 |a 20070910d2008 m y0rusy50 ca 
101 0 |a rus 
102 |a RU 
105 |a y j 001zy 
200 1 |a Экономическая оценка инвестиций  |e учебное пособие  |f Л. Е. Басовский, Е. Н. Басовская 
210 |a Москва  |c Инфра-М  |d 2008 
215 |a 241 с. 
225 1 |a Высшее образование 
320 |a Библиогр.: с. 217-218. 
330 |a Изложены теоретические основы и конкретные методики экономической оценки инвестиций. Пособие охватывает все темы дисциплины «Экономическая оценка инвестиций», изучение которых предусмотрено требованиями государственного стандарта высшего профессионального образования Российской Федерации по специальности «Экономика и управление на предприятии». Особое внимание уделено темам, связанным со взаимодействием предприятия с рыночной средой, и применению количественных методов в соответствии с требованиями, сложившимися в ведущих американских и западноевропейских университетах. Все теоретические положения и конкретные методики иллюстрируются анализом ситуаций и числовыми примерами. В приложении приведены таблицы функций, используемых в расчетных формулах. Для студентов и преподавателей экономических и управленческих направлений и специальностей вузов и практических работников. 
451 1 |0 (RuTPU)RU\TPU\book\131071  |y 5-16-002848-X  |t Экономическая оценка инвестиций  |o учебное пособие  |f Л. Е. Басовский, Е. Н. Басовская  |c М.  |n Инфра-М  |d 2007  |p 241 с.  |s Высшее образование  |a Басовский, Л. Е. 
606 1 |a Инвестиции  |2 stltpush  |3 (RuTPU)RU\TPU\subj\36163  |9 57637 
610 1 |a экономика 
610 1 |a экономическая оценка 
610 1 |a риски 
610 1 |a доходность 
610 1 |a акции 
610 1 |a облигации 
610 1 |a опционы 
610 1 |a капитал 
610 1 |a капиталовложения 
610 1 |a эффективность 
610 1 |a цена 
610 1 |a денежные потоки 
610 1 |a инвестиционные проекты 
610 1 |a бюджет 
610 1 |a оптимизация 
610 1 |a инвестиционный процесс 
610 1 |a практика 
610 1 |a арендное финансирование 
610 1 |a гибридное финансирование 
610 1 |a варранты 
610 1 |a учебные пособия 
686 |a У9(2)0-56я73  |v LBC/SL-A  |2 rubbk 
700 1 |a Басовский  |b Л. Е.  |g Леонид Ефимович 
701 1 |a Басовская  |b Е. Н.  |g Елена Николаевна 
801 1 |a RU  |b 63413507  |c 20100813 
801 2 |a RU  |b 63413507  |c 20150825  |g RCR 
900 |a Экономическая оценка инвестиций 
942 |c BK 
951 |b 080502 
959 |a 49/20100813  |d 5  |e 109,90  |f АНЛ:1  |f ЧЗГЛ:1  |f Ф_ТПУ_Новокузнецк:3